MDQL
is popping MORE tags! Check the
thread
!
Quizzes
Events
Quiz Creation
Community
Videos
Private Events
Remove Ads
Sign In
Join for FREE
Feedback
Dark Mode
Quiz Categories
Sports
Geography
Music
Movies
Television
Just For Fun
Miscellaneous
History
Literature
Language
Science
Gaming
Entertainment
Religion
Holiday
For Kids
Quiz Lab
Recent
Popular Today
Quiz Kudos Today
Editor Picks
Curator Picks
Quizzes by...
Day
Popularity
Type
Ratings
Length
Year
Community
Subscriptions
Recent Discussions
Orange Saloon
Badges
Playlists
Quests
Create
Leaderboards
Showdown
Live 5
Trivia Bingo
Activity
Puzzle Library
Sporcle Events
Private Events
Virtual Trivia
Globe League
Become a Host
Pub Owners
SporcleCon
Opinionation
Our Games
Videos
Blog
Mobile Apps
Partnerships
Remove Ads and Go Orange
Feedback
Sports
Athletes
MLB
NBA
NHL
NFL
Soccer
Sports Teams
WWE
NCAA
Football
Premier League
Basketball
Baseball
Hockey
Golf
Tennis
Cricket
Rugby
Auto Racing
Olympics
World Cup
Sports
Athletes
MLB
NBA
NHL
NFL
Soccer
Sports Teams
WWE
NCAA
Football
Premier League
Basketball
Baseball
Hockey
Golf
Tennis
Cricket
Rugby
Auto Racing
Olympics
World Cup
Random Quiz
Search Sporcle
×
Quiz Lab
Quiz Lab
Sports
Logo
Type in answers that appear in a list
Type in answers that appear in a list
Classic
Best Score? Go Orange.
College Football Week 11 BCS Top 25 Stats
Can you name the College Football Week 11 BCS Top 25 teams?
By
Barrk
8m
25 Questions
185 Plays
185 Plays
185 Plays
Comments
Comments
Give Quiz Kudos
Give Quiz Kudos
-
- Ratings
hide this ad
Replay
Link that replays current quiz
Next Quiz
Link to next quiz in quiz playlist
You Got
0%
They Got
Avg Score
69%
Avg Friend Score
Upgrade to see
Score Distribution
Jump to the score distribution portion of the page
Score
0/25
Timer
08:00
0
Plays Today
Ranking
Team
% Correct
1.
Alabama
97.3%
3.
Oregon
86.4%
5.
Georgia
86.4%
17.
Texas
84.8%
12.
Oklahoma
84.2%
6.
Florida
83.7%
10.
Florida State
83.2%
13.
Clemson
83.2%
7.
LSU
82.6%
19.
USC
80.4%
4.
Notre Dame
78.8%
15.
Texas A&M
75.5%
2.
Kansas State
72.3%
Ranking
Team
% Correct
8.
South Carolina
71.7%
18.
UCLA
69%
16.
Nebraska
66.8%
11.
Oregon State
65.8%
9.
Louisville
64.1%
14.
Stanford
62%
22.
Texas Tech
60.3%
21.
Mississippi State
58.7%
23.
Rutgers
46.2%
24.
Northwestern
42.4%
20.
Louisiana Tech
29.3%
25.
Toledo
24.5%
Quiz Playlist
Details
Report
Send in Message
Add To Playlist
Classic:
Type in answers that appear in a list
Last Updated: Feb 16, 2017
Quiz Scoreboard
CHALLENGE
Sign Up to Join the Scoreboard
Show All
Scores
Hide
Comments
May contain spoilers
Recently Published
Image Sorting: Flags VI
by Barbecue
Geography
2m
Find the 'City' Movie
by crazypaving
Movies
60s
Colored Red Africa Blitz
by spor1
Geography
45s
More to Explore
Quiz From the Vault
Featured Blog Post
14 Easter Pick-up Lines to Find Eggs With
hide this ad
You Might Also Like...
Tags
Football Quiz
Logo Quiz
NCAA Quiz
NCAA Conference
NCAA Football
NCAAF Schools
NCAAF Stadium
NCAA Mascots
Top 25
Today's Top Quizzes in Sports
Browse Sports
hide this ad
Today's Top Quizzes in Logo
Browse Logo
Top Contributed Quizzes in Sports
1
Les meilleurs buteurs des matchs entre le PSG et l’OM
2
Les entraîneurs de l'OM et du PSG au 21e siècle
3
Les joueurs passés par le PSG et l'OM
4
2022 World Cup Stars
5
Players with Multiple 50 Home Run Seasons
6
Criteria MLB: Left Handed Sluggers
7
Les joueurs passés par le LOSC et le RC Lens
8
NBA Logic Puzzle 2.0
9
MLB Players with Two .350 Batting Average Seasons
10
FIFA Club World Cup Champions
Explore More
Trending Topics
Anime
Kpop
Disney
Crossword
Marvel
NBA
Harry Potter
Puzzle
Song
Country
Soccer
WWE
NFL
Pokémon
The Office
hide this ad
More By:
Barrk
Quiz
Plays
Rating
Category
Featured
Created
2013 NFL Draft: First Round Picks
5,584
4.42
Sports
Apr 25, 2013
2014 NFL Draft: First Round Picks
5,129
4.38
Sports
May 8, 2014
College Football Week 13 BCS Top 25
2,641
4.25
Sports
Nov 18, 2012
2013 NBA Draft: First Round Picks
1,997
3.47
Sports
Jun 27, 2013
Hip-Hop History Quiz (1980's-2010's)
1,355
4.91
Music
Nov 9, 2015
Go to Creator's Profile
Score Distribution
Quiz Creator Spotlight
Barrk
Follow
Send a Message
Quizzes Created
-
Created Quiz Play Count
-
More By This Creator
Popular Quizzes Today
1
Colored Red Africa Blitz
2
Find the US States - No Outlines Minefield
3
Find the 'City' Movie
4
5x2 Blitz: Bands
5
The Countries of the World
6
Find the US States
7
Find the Countries of Europe - No Outlines Minefield
8
US States
More Sports Quizzes
Footballer First Names - T
Quiz Lab
Trending Quizzes
Colored Red Europe Blitz I
Colored Red Europe Blitz II
Colored Red Africa Blitz II
Colored Red Europe Blitz III
Colored Red Africa Blitz III
Recently Updated
How Do You Spell That?
pecheneg
Godzilla Movies
pecheneg
Grab Bag: 4-10 Letters
pecheneg
2024 March Madness Bracket
pecheneg
Famous TV Couples
Peacemaker
Champions League XIs: Real Madrid
pecheneg
Largest US Cities 1790-2010
pecheneg
Rides in Walt Disney World
pecheneg
Most Oscar Losses (Acting)
pecheneg
Beyoncé Albums
pecheneg
Trending Topics
Disney
Marvel
NBA
Harry Potter
Kpop
Anime
Crossword
NFL
Pokémon
Soccer
WWE
Puzzle
Song
Country
The Office
Your Account Isn't Verified!
In order to create a playlist on Sporcle, you need to verify the email address you used during registration. Go to your
Sporcle Settings
to finish the process.
Report this User
Report this user for behavior that violates our
Community Guidelines
.
Details:
Send Report
Go to the Sporcle.com Mobile Site →
Comments